01921cam a2200301 a 45000010009000000050017000090080041000260100017000670200018000840400018001020420008001200500021001280820012001490840023001611000036001842450068002202500012002882600048003003000061003485000025004095040051004345200804004856500022012896500041013118560084013528560091014368560092015271686218420170105102351.0110708s2012 njua b 001 0 eng  a 2011029122 a9780470589489 aDLCcDLCdDLC apcc00aQC760b.B25 201200a537223 aSCI0220002bisacsh1 aBalanis, Constantine A.,d1938-10aAdvanced engineering electromagnetics cConstantine A. Balanis. a2nd ed. aHoboken, N.J. :bJohn Wiley & Sons,cc2012. axx, 1018 p. :bill. ;c27 cm. +e1 web registration card a1. Electromagnetism. aIncludes bibliographical references and index. a"Balanis' new edition of Advanced Engineering and Electromagnetics features new content on the basics of Metamaterials including figures to demonstrate their properties. Several small sections have been added on Mie series scattering by a PEC sphere; wedge diffraction by a wedge with surface impedances; and curve surface diffraction. Throughout the book, there are more helpful examples, end-of-chapter problems, and references as well as lecture notes in PowerPoint format. The revised edition also features MATLAB programs to animate some of the wave phenomena such as: propagation, reflection and refraction by planar interfaces; scattering by PEC circular cylinder, dielectric circular cylinder, dielectric coated PEC circular cylinder, and PEC sphere; and wedge defraction by 2-D PEC wedge"-- 0aElectromagnetism. 7aSCIENCE / Electromagnetism.2bisacsh423Cover imageuhttp://catalogimages.wiley.com/images/db/jimages/9780470589489.jpg423Publisher descriptionuhttp://www.loc.gov/catdir/enhancements/fy1210/2011029122-d.html413Table of contents onlyuhttp://www.loc.gov/catdir/enhancements/fy1210/2011029122-t.html